000 00518cam a2200145 4500500
005 20251017190119.0
041 _afre
042 _adc
100 1 0 _aLabey, Gildas
_eauthor
245 0 0 _aJean-Pierre Dupuy Vertiges Penser avec Borges. Seuil, « Librairie du XXIe siècle », 2025, 272 pages, 23 €.
260 _c2025.
500 _a46
786 0 _nÉtudes | - | 10 | 2025-09-30 | p. 133a-134 | 0014-1941
856 4 1 _uhttps://shs.cairn.info/revue-etudes-2025-10-page-133a?lang=fr&redirect-ssocas=7080
999 _c1551297
_d1551297